Italian Vocabulary Mega-Challenge - Statistics

General Stats
  • This quiz has been taken 41,367 times
  • The average score is 11 of 20
Answer Stats
Hint # Answer % Correct
Hello! (interj.) 4 C{iao}
94%
House (n.) 4 C{asa}
92%
Icecream (n.) 6 G{elato}
92%
Number (n.) 6 Nu{mero}
92%
Love (n.) 5 A{more}
91%
White (n.) 6 Bi{anco}
91%
Moon (n.) 4 L{una}
91%
Restaurant (n.) 10 Ris{torante}
91%
Wine (n.) 4 V{ino}
91%
Large; big (adj.) 6 Gr{ande}
90%
With (prep.) 3 C{on}
89%
Thanks! (interj.) 6 Gr{azie}!
89%
Green (n.) 5 V{erde}
89%
Coffee (n.) 5 C{affè}
88%
Music (n.) 6 M{usica}
88%
Hour (n.) 3 O{ra}
88%
High (adj.) 4 Al{to}
87%
Thousand (n.) 5 Mi{lle}
87%
Earth; ground (n.) 5 T{erra}
87%
Year (n.) 4 A{nno}
86%
Meat (n.) 5 C{arne}
86%
Sea (n.) 4 M{are}
86%
Kitchen (n.) 6 Cu{cina}
85%
Strong (adj.) 5 Fo{rte}
85%
Father (n.) 5 P{adre}
85%
Salad (n.) 8 In{salata}
84%
Pope (n.) 4 P{apa}
84%
Goodbye! (interj.) 11 Arr{ivederci}
83%
Five (n.) 6 C{inque}
83%
Milk (n.) 5 L{atte}
83%
Book (n.) 5 L{ibro}
83%
Mother (n.) 5 M{adre}
83%
Town square (n.) 6 Pi{azza}
83%
Day (n.) 6 Gi{orno}
82%
Bread (n.) 4 P{ane}
82%
Tomato (n.) 8 Po{modoro}
82%
Theater (n.) 6 T{eatro}
82%
Hundred (n.) 5 C{ento}
81%
Woman (n.) 5 D{onna}
81%
Cheese (n.) 9 Fo{rmaggio}
81%
Lemon (n.) 6 L{imone}
81%
Name (n.) 4 N{ome}
81%
Chicken (n.) 5 P{ollo}
81%
Lady (n.) 7 Si{gnora}
81%
To sing (v.) 7 Ca{ntare}
80%
God (n.) 3 D{io}
80%
English (adj.) 7 In{glese}
80%
Lake (n.) 4 L{ago}
80%
Problem (n.) 8 Pr{oblema}
80%
Sun (n.) 4 S{ole}
80%
South (n.) 3 S{ud}
80%
Police (n.) 7 Po{lizia}
79%
When (adv.) 6 Qu{ando}
79%
Florence (n.) 7 Fi{renze}
78%
Hand (n.) 4 M{ano}
78%
Very (adv.) 5 Mo{lto}
78%
World (n.) 5 M{ondo}
78%
Night (n.) 5 N{otte}
78%
Small (adj.) 7 Pi{ccolo}
78%
Sad (adj.) 6 Tr{iste}
78%
Child (n.) 7 Ba{mbino}
77%
Sweet (adj.) 5 D{olce}
77%
Easy (adj.) 6 Fa{cile}
77%
Cat (n.) 5 G{atto}
77%
Girl (n.) 7 Ra{gazza}
77%
Always (adv.) 6 Se{mpre}
77%
Friend (n.) 5 A{mico}
76%
Language; tongue (n.) 6 L{ingua}
76%
Door (n.) 5 P{orta}
76%
Star (n.) 6 St{ella}
76%
To speak (v.) 7 Pa{rlare}
75%
Four (n.) 7 Qu{attro}
75%
Brother (n.) 8 Fr{atello}
74%
War (n.) 6 G{uerra}
74%
Salt (n.) 4 S{ale}
74%
Life (n.) 4 V{ita}
74%
Aunt (n.) 3 Z{ia}
74%
Dog (n.) 4 C{ane}
73%
Family (n.) 8 Fa{miglia}
73%
Happy (adj.) 6 Fe{lice}
73%
Party; celebration (n.) 5 F{esta}
73%
Fresh; cool (adj.) 6 Fr{esco}
73%
Freedom (n.) 7 Li{bertà}
73%
Grandfather (n.) 5 N{onno}
73%
North (n.) 4 N{ord}
73%
Perfect (adj.) 8 Pe{rfetto}
73%
Fish (singular n.) 5 P{esce}
73%
Evening (n.) 4 S{era}
73%
History (n.) 6 St{oria}
73%
Doctor (n.) 6 Me{dico}
72%
Market (n.) 7 Me{rcato}
72%
Black (n.) 4 N{ero}
72%
Oil (n.) 4 O{lio}
72%
Rice (n.) 4 R{iso}
72%
Train (n.) 5 Tr{eno}
72%
Man (n.) 4 U{omo}
72%
Egg (n.) 4 U{ovo}
72%
Hot (adj.) 5 Ca{ldo}
71%
Town; city (n.) 5 Ci{ttà}
71%
Where (adv.) 4 D{ove}
71%
To eat (v.) 8 Ma{ngiare}
71%
New (adj.) 5 N{uovo}
71%
Ham (n.) 10 Pr{osciutto}
71%
Red (n.) 5 R{osso}
71%
Station (n.) 8 St{azione}
71%
Sky (n.) 5 Ci{elo}
70%
To sleep (v.) 7 Do{rmire}
70%
Monday (n.) 6 L{unedì}
70%
Wolf (n.) 4 L{upo}
70%
Bridge (n.) 5 P{onte}
70%
Welcome (n.) 9 Be{nvenuto}
69%
Church (n.) 6 Ch{iesa}
69%
Body (n.) 5 C{orpo}
69%
Tomorrow (adv.) 6 Do{mani}
69%
Window (n.) 8 Fi{nestra}
69%
To smoke (v.) 6 F{umare}
69%
Winter (n.) 7 In{verno}
69%
Today (n.) 4 O{ggi}
69%
Because (conj.) 6 Pe{rché}
69%
Truth (n.) 6 Ve{rità}
69%
Bank (n.) 5 B{anca}
68%
Dinner (n.) 4 C{ena}
68%
Palace (n.) 7 Pa{lazzo}
68%
Swimming pool (n.) 7 Pi{scina}
68%
Cake (n.) 5 T{orta}
68%
Voice (n.) 4 V{oce}
68%
Water (n.) 5 A{cqua}
67%
August (n.) 6 A{gosto}
67%
To go (v.) 6 An{dare}
67%
To give (v.) 4 D{are}
67%
To say (v.) 4 D{ire}
67%
To do; to make (v.) 4 F{are}
67%
Iron (n.) 5 F{erro}
67%
Daughter (n.) 6 F{iglia}
67%
To think (v.) 7 Pe{nsare}
67%
Mouth (n.) 5 B{occa}
66%
Christmas (n.) 6 Na{tale}
66%
Nothing (pron.) 6 Ni{ente}
66%
Sister (n.) 7 So{rella}
66%
Weather (n.) 5 T{empo}
66%
To sell (v.) 7 Ve{ndere}
66%
To come (v.) 6 Ve{nire}
66%
To live (v.) 6 Vi{vere}
66%
To fly (v.) 6 Vo{lare}
66%
Fruit (n.) 6 F{rutta}
65%
Garden (n.) 8 Gi{ardino}
65%
To pay (v.) 6 Pa{gare}
65%
Saturday (n.) 6 Sa{bato}
65%
Wind (n.) 5 V{ento}
65%
Sugar (n.) 8 Zu{cchero}
65%
To have (v.) 5 A{vere}
64%
To change (v.) 8 Ca{mbiare}
64%
Castle (n.) 8 Ca{stello}
64%
Hunger (n.) 4 F{ame}
64%
Slow (adj.) 5 Le{nto}
64%
Point (n.) 5 P{unto}
64%
School (n.) 6 Sc{uola}
64%
Late (adv.) 5 T{ardi}
64%
Butter (n.) 5 B{urro}
63%
Soccer (n.) 6 C{alcio}
63%
Guitar (n.) 8 Chi{tarra}
63%
Son (n.) 6 F{iglio}
63%
Flower (n.) 5 F{iore}
63%
French (adj.) 8 Fr{ancese}
63%
Queen (n.) 6 Re{gina}
63%
Eleven (n.) 6 U{ndici}
63%
Sunday (n.) 8 Do{menica}
62%
Oven (n.) 5 F{orno}
62%
People (n.) 5 G{ente}
62%
To die (v.) 6 Mo{rire}
62%
Potato (n.) 6 P{atata}
62%
Pepper (n.) 4 P{epe}
62%
To take (v.) 8 Pr{endere}
62%
View (n.) 5 Vi{sta}
62%
Author (n.) 6 Au{tore}
61%
Horse (n.) 7 Ca{vallo}
61%
To create (v.) 6 Cr{eare}
61%
Flour (n.) 6 Fa{rina}
61%
Game (n.) 5 Gi{oco}
61%
Car (n.) 8 Ma{cchina}
61%
To stay; to remain (v.) 5 St{are}
61%
Pain (n.) 6 Do{lore}
60%
To go in (v.) 7 En{trare}
60%
Stairs; staircase (n.) 5 Sc{ala}
60%
To write (v.) 8 Scr{ivere}
60%
To feel (v.) 7 Se{ntire}
60%
Silence (n.) 8 Si{lenzio}
60%
Left (n.) 8 Si{nistra}
60%
Solution (n.) 9 So{luzione}
60%
German (adj.) 7 Te{desco}
60%
To find (v.) 7 Tr{ovare}
60%
Office (n.) 7 Uf{ficio}
60%
Human (n.) 5 U{mano}
60%
To see (v.) 6 Ve{dere}
60%
Hard (adj.) 4 D{uro}
59%
Cold (adj.) 6 Fr{eddo}
59%
Together (adv.) 7 Ins{ieme}
59%
Work (n.) 6 La{voro}
59%
Husband (n.) 6 Ma{rito}
59%
Month (n.) 4 M{ese}
59%
Snow (n.) 4 N{eve}
59%
Ready (adj.) 6 Pr{onto}
59%
Road; street (n.) 6 St{rada}
59%
Bath (n.) 5 B{agno}
58%
To call (v.) 8 Chi{amare}
58%
Fork (n.) 9 Fo{rchetta}
58%
Yellow (n.) 6 Gi{allo}
58%
To play (v.) 7 Gi{ocare}
58%
Without (prep.) 5 S{enza}
58%
Old (adj.) 7 Ve{cchio}
58%
Beard (n.) 5 B{arba}
57%
To believe (v.) 7 Cr{edere}
57%
Inside (adv.) 6 De{ntro}
57%
To read (v.) 7 Le{ggere}
57%
July (n.) 6 L{uglio}
57%
Rich (adj.) 5 R{icco}
57%
Science (n.) 7 Sci{enza}
57%
Table (n.) 6 Ta{volo}
57%
Exit (n.) 6 Us{cita}
57%
Now (adv.) 6 Ad{esso}
56%
Orange (n.) 7 Ar{ancia}
56%
Hair (plural n.) 7 Ca{pelli}
56%
Key (n.) 6 Ch{iave}
56%
Heart (n.) 5 Cu{ore}
56%
Afterwards (adv.) 4 Do{po}
56%
Theirs (pron.) 4 L{oro}
56%
Never (adv.) 3 M{ai}
56%
Bone (n.) 4 O{sso}
56%
Foot (n.) 5 P{iede}
56%
Sauce (n.) 5 S{alsa}
56%
Shoe (n.) 6 Sc{arpa}
56%
Head (n.) 5 T{esta}
56%
Butterfly (n.) 8 Far{falla}
55%
To look at; to watch (v.) 8 Gu{ardare}
55%
Wide; broad (adj.) 5 La{rgo}
55%
Marriage (n.) 10 Ma{trimonio}
55%
Midnight (n.) 10 Me{zzanotte}
55%
Wall (n.) 4 M{uro}
55%
Naked (adj.) 4 N{udo}
55%
Eye (n.) 6 Oc{chio}
55%
To lose (v.) 7 Pe{rdere}
55%
Tonight; this evening (adv.) 7 St{asera}
55%
State (n.) 5 S{tato}
55%
Sour (adj.) 5 Ac{ido}
54%
Open (adj.) 6 Ap{erto}
54%
To wait (v.) 9 Asp{ettare}
54%
To drink (v.) 4 B{ere}
54%
Boss (n.) 4 C{apo}
54%
Yesterday (n.) 4 I{eri}
54%
Apple (n.) 4 M{ela}
54%
To put (v.) 7 Me{ttere}
54%
Weight (n.) 4 P{eso}
54%
Pleasure (n.) 7 Pi{acere}
54%
To follow (v.) 7 Se{guire}
54%
Tired (adj.) 6 St{anco}
54%
To run (v.) 7 Co{rrere}
53%
Parents (n.) 8 Ge{nitori}
53%
Million (n.) 7 Mi{lione}
53%
Ship (n.) 4 N{ave}
53%
Every; each (adj.) 4 O{gni}
53%
Dry (adj.) 5 S{ecco}
53%
Week (n.) 9 Se{ttimana}
53%
Low (adj.) 5 Ba{sso}
52%
Ticket (n.) 9 Bi{glietto}
52%
Ugly (adj.) 6 Br{utto}
52%
Approximately (adv.) 5 C{irca}
52%
Right [not left] (n.) 6 De{stra}
52%
Summer (n.) 6 Es{tate}
52%
Fact (n.) 5 F{atto}
52%
Strawberry (n.) 7 Fr{agola}
52%
Tear[drop] (n.) 7 La{crima}
52%
Light (n.) 4 L{uce}
52%
Shop; store (n.) 7 Ne{gozio}
52%
Something (pron.) 8 Qu{alcosa}
52%
To save (v.) 7 Sa{lvare}
52%
Immediately (adv.) 6 Su{bito}
52%
To return (v.) 7 To{rnare}
52%
Near (adv.) 6 Vi{cino}
52%
To help (v.) 7 Ai{utare}
51%
Room (n.) 6 Ca{mera}
51%
To look for; to seek (v.) 7 Ce{rcare}
51%
Fire (n.) 5 F{uoco}
51%
January (n.) 7 Ge{nnaio}
51%
Bed (n.) 5 L{etto}
51%
Hospital (n.) 8 Os{pedale}
51%
Eighty (n.) 7 O{ttanta}
51%
Country (n.) 5 P{aese}
51%
Word (n.) 6 Pa{rola}
51%
Quickly; fast (adv.) 6 Pr{esto}
51%
To jump (v.) 7 Sa{ltare}
51%
Strange (adj.) 6 St{rano}
51%
Storm (n.) 8 Te{mpesta}
51%
To hold (v.) 6 Te{nere}
51%
Mouse (n.) 4 T{opo}
51%
Useful; helpful (adj.) 5 U{tile}
51%
To win (v.) 7 Vi{ncere}
51%
To want (v.) 6 Vo{lere}
51%
Breakfast (n.) 9 Co{lazione}
50%
Sofa (n.) 6 Di{vano}
50%
Young (n.) 7 Gi{ovane}
50%
Dark (adj.) 6 Os{curo}
50%
Poor (adj.) 6 Po{vero}
50%
Money (plural n.) 5 So{ldi}
50%
Season (n.) 8 St{agione}
50%
To touch (v.) 7 To{ccare}
50%
Holidays (n.) 7 Va{canze}
50%
Tree (n.) 6 Al{bero}
49%
Arm (n.) 7 Br{accio}
49%
Field (n.) 5 Ca{mpo}
49%
Song (n.) 7 Ca{nzone}
49%
Clear; light (adj.) 6 Ch{iaro}
49%
Food (n.) 4 C{ibo}
49%
Double (n.) 6 Do{ppio}
49%
Fat; fatty (adj.) 6 Gr{asso}
49%
Danger (n.) 8 Pe{ricolo}
49%
To be able to (v.) 6 Po{tere}
49%
Lunch (n.) 6 Pr{anzo}
49%
Deep (adj.) 8 Pr{ofondo}
49%
Almost; nearly (adv.) 5 Qu{asi}
49%
To know [something] (v.) 6 Sa{pere}
49%
Often (adv.) 6 Sp{esso}
49%
Juice (n.) 5 S{ucco}
49%
Between (prep.) 3 T{ra}
49%
Hotel (n.) 7 Al{bergo}
48%
Countryside (n.) 8 Cam{pagna}
48%
Belt (n.) 7 Ci{ntura}
48%
Age (n.) 3 E{tà}
48%
Outside (adv.) 5 Fu{ori}
48%
Wife (n.) 6 M{oglie}
48%
Clock; watch (n.) 8 Or{ologio}
48%
Paris (n.) 6 Pa{rigi}
48%
To try (v.) 7 Pr{ovare}
48%
Sixteen (n.) 6 Se{dici}
48%
Above (prep.) 5 So{pra}
48%
Quick; rapid (adj.) 6 Ve{loce}
48%
To listen to (v.) 9 As{coltare}
47%
To understand (v.) 6 C{apire}
47%
Really (adv.) 7 Da{vvero}
47%
Leg (n.) 5 G{amba}
47%
To send (v.) 7 In{viare}
47%
To leave (v.) 8 Las{ciare}
47%
Shadow (n.) 5 O{mbra}
47%
Afternoon (n.) 10 Po{meriggio}
47%
Hope (n.) 8 Sp{eranza}
47%
To fall (v.) 6 Ca{dere}
46%
Truck; lorry (n.) 6 Ca{mion}
46%
Hat (n.) 8 Ca{ppello}
46%
Shower (n.) 6 Do{ccia}
46%
Beginning; start (n.) 6 In{izio}
46%
Mind (n.) 5 M{ente}
46%
Ball (n.) 5 P{alla}
46%
Blood (n.) 6 Sa{ngue}
46%
Certain; sure (adj.) 6 Si{curo}
46%
Kiss (n.) 5 Ba{cio}
45%
Example (n.) 7 Es{empio}
45%
Maybe (adv.) 5 F{orse}
45%
Jealous (adj.) 6 Ge{loso}
45%
Fear (n.) 5 Pa{ura}
45%
Price (n.) 6 Pr{ezzo}
45%
Answer (n.) 8 Ris{posta}
45%
Mirror (n.) 8 Sp{ecchio}
45%
Cook; chef (n.) 5 Cu{oco}
44%
Stone (n.) 6 Pi{etra}
44%
Clean; neat (adj.) 6 Pu{lito}
44%
To steal (v.) 6 Ru{bare}
44%
Sign (n.) 5 Se{gno}
44%
Vegetables (n.) 7 Ve{rdura}
44%
Paper (n.) 5 C{arta}
43%
Famous (adj.) 7 Ce{lebre}
43%
Hill (n.) 7 Co{llina}
43%
Neck (n.) 5 Co{llo}
43%
River (n.) 5 F{iume}
43%
Joy (n.) 5 Gi{oia}
43%
To learn (v.) 8 Im{parare}
43%
Far away; distant (adj.) 7 Lo{ntano}
43%
Sick; ill (adj.) 6 Ma{lato}
43%
Someone (pron.) 8 Qu{alcuno}
43%
To laugh (v.) 6 Ri{dere}
43%
To dream (v.) 7 So{gnare}
43%
Bird (n.) 7 Uc{cello}
43%
Shirt; blouse (n.) 7 Ca{micia}
42%
To walk (v.) 9 Cam{minare}
42%
To ask (v.) 8 Chi{edere}
42%
Cross (n.) 5 Cr{oce}
42%
To forget (v.) 11 Dim{enticare}
42%
Grass (n.) 4 E{rba}
42%
Twins (n.) 7 Ge{melli}
42%
Reason (n.) 7 Ra{gione}
42%
Kingdom (n.) 5 R{egno}
42%
Cup (n.) 5 Ta{zza}
42%
Time; instance (n.) 5 Vo{lta}
42%
Skirt (n.) 5 G{onna}
41%
Teacher (n.) 10 Ins{egnante}
41%
Boring (adj.) 6 No{ioso}
41%
Before (adv.) 5 Pr{ima}
41%
To tell (v.) 10 Rac{contare}
41%
Under; beneath (prep.) 5 S{otto}
41%
Married (adj.) 7 Sp{osato}
41%
Soul (n.) 5 A{nima}
40%
Knife (n.) 8 Co{ltello}
40%
Beef (n.) 5 Ma{nzo}
40%
Crazy; insane (adj.) 5 P{azzo}
40%
Skin (n.) 5 P{elle}
40%
Research (n.) 7 Ri{cerca}
40%
Health (n.) 6 Sa{lute}
40%
Chair (n.) 5 S{edia}
40%
Shut up! (interj.) 5 Zi{tto}!
40%
To dance (v.) 7 D{anzare}
39%
To draw (v.) 9 Dis{egnare}
39%
Leaf (n.) 6 F{oglia}
39%
Down (adv.) 3 G{iù}
39%
Wrong (adj.) 9 Sb{agliato}
39%
Smile (n.) 7 So{rriso}
39%
Sound (n.) 5 Su{ono}
39%
Ring (n.) 6 An{ello}
38%
Beauty (n.) 8 Be{llezza}
38%
Goat (n.) 5 C{apra}
38%
Naughty (adj.) 7 Cat{tivo}
38%
Behind (prep.) 6 Di{etro}
38%
Finger (n.) 4 D{ito}
38%
Cow (n.) 5 M{ucca}
38%
[Framed] painting (n.) 6 Qu{adro}
38%
Desk (n.) 9 Scr{ivania}
38%
Towards (prep.) 5 V{erso}
38%
Couple; pair (n.) 6 Co{ppia}
37%
Wood (n.) 5 Le{gno}
37%
Place (n.) 5 Lu{ogo}
37%
Half (n.) 4 M{età}
37%
Ear (n.) 8 Or{ecchio}
37%
To get (v.) 8 Ot{tenere}
37%
West (n.) 5 O{vest}
37%
Spider (n.) 5 R{agno}
37%
Rule (n.) 6 Re{gola}
37%
To choose (v.) 9 Sce{gliere}
37%
Face (n.) 4 V{iso}
37%
Suit; dress (n.) 5 Ab{ito}
36%
Air (n.) 4 A{ria}
36%
Pencil (n.) 6 Ma{tita}
36%
Anger (n.) 6 Ra{bbia}
36%
To use (v.) 10 Ut{ilizzare}
36%
To add (v.) 10 Agg{iungere}
35%
Through (prep.) 10 At{traverso}
35%
Doubt (n.) 6 Du{bbio}
35%
To push (v.) 8 Spi{ngere}
35%
To become (v.) 9 Di{ventare}
34%
Box (n.) 7 Sc{atola}
34%
To sit down (v.) 7 Se{dersi}
34%
To explain (v.) 8 Spi{egare}
34%
To be afraid of (v.) 6 Te{mere}
34%
Empty (adj.) 5 Vu{oto}
34%
Factory (n.) 8 Fa{bbrica}
33%
Prank; practical joke (n.) 7 Sc{herzo}
33%
Century (n.) 6 Se{colo}
33%
Thirst (n.) 4 S{ete}
33%
Lie; untruth (n.) 5 Bu{gia}
32%
Worse (adj.) 6 Pe{ggio}
32%
Shoulder (n.) 6 Sp{alla}
32%
To kill (v.) 8 Uc{cidere}
32%
Glass (n.) 5 V{etro}
32%
Weak (adj.) 6 De{bole}
31%
Both (adj.) 8 En{trambi}
31%
Enemy (n.) 6 N{emico}
31%
Sheep (singular n.) 6 Pe{cora}
31%
To buy (v.) 10 Acq{uistare}
30%
Spoon (n.) 9 Cuc{chiaio}
30%
Rain (n.) 7 Pi{oggia}
30%
Souvenir (n.) 7 Ri{cordo}
30%
Army (n.) 8 Es{ercito}
29%
Foreign (adj.) 6 Es{tero}
29%
Trust; confidence (n.) 7 Fi{ducia}
29%
Sand (n.) 6 Sa{bbia}
29%
Moustache (n.) 5 B{affi}
28%
Male (adj.) 7 Ma{schio}
28%
Lazy (adj.) 5 P{igro}
28%
To happen (v.) 8 Acc{adere}
27%
Wet (adj.) 7 Ba{gnato}
27%
To hit (v.) 7 Col{pire}
27%
Crowd (n.) 5 F{olla}
27%
Toilet (n.) 9 Ga{binetto}
27%
Competition; race (n.) 4 G{ara}
27%
Elbow (n.) 6 Go{mito}
27%
Trumpet (n.) 6 Tr{omba}
27%
Scissors (n.) 7 For{bici}
26%
To throw (v.) 7 Ge{ttare}
26%
Soft (adj.) 7 Mo{rbido}
26%
To hear (v.) 5 U{dire}
26%
Wish; desire (n.) 6 Vo{glia}
26%
Rainbow (n.) 10 Ar{cobaleno}
25%
Circle (n.) 7 Ce{rchio}
25%
Indeed; actually (conj.) 7 In{fatti}
25%
Lip (n.) 6 La{bbro}
25%
Fight; conflict (n.) 5 L{otta}
25%
Cupboard (n.) 7 Ar{madio}
23%
Nevertheless (conj.) 8 Tu{ttavia}
23%
To succeed (v.) 8 Ri{uscire}
22%
Thin (adj.) 7 So{ttile}
21%
Kite (n.) 8 Aq{uilone}
20%
Twilight; dusk (n.) 10 Cre{puscolo}
19%
Although (conj.) 7 Se{bbene}
19%
Puzzle (n.) 9 Rom{picapo}
18%
No matching quizzes found
Score Distribution
Percent of People with Each Score
Percentile by Number Answered
Your Score History
You have not taken this quiz